Top 10 krajów Seryjny morderca - Statystyki

Ogólne statystyki
  • Ten quiz został rozwiązany 1 744 razy
  • Średni wynik to 7 z 10
Statystyki odpowiedzi
seryjne
morderstwa
Kraj % Poprawnych
2,743 Stany Zjednoczone
98%
70 Rosja
87%
75 Niemcy
82%
101 Kanada
75%
145 Wielka Brytania
74%
91 Japonia
66%
65 Indie
57%
94 Wlochy
56%
75 Australia
51%
112 Południowa Afryka
23%
Nie znaleziono quizów pasujących do podanych kryteriów
Rozkład punktacji
Procent ludzi z każdym wynikiem
Percentyl według liczby udzielonych odpowiedzi
Twoja historia wyników
Nie rozwiązałeś tego quizu